[Event "III Open A"]
[Site "Livigno ITA"]
[Date "2012.09.12"]
[Round "4"]
[White "Franklin, Samuel G.A."]
[Black "Polak, Tomas"]
[WhiteElo "2281"]
[BlackElo "2522"]
[Result "1/2-1/2"]
[PlyCount "81"]
[EventDate "2012.09.10"]

1. e4 b6 2. d4 Bb7 3. Bd3 Nf6 4. Qe2 Nc6 5. c3 e5 6. d5 Ne7 7. Nf3 Ng6 8. O-O
Bc5 9. c4 O-O 10. Nc3 Qe7 11. a3 a5 12. Bd2 Rae8 13. Nb5 c6 14. Nc3 Bd4 15.
Rae1 b5 16. dxc6 dxc6 17. cxb5 c5 18. Bg5 Qd6 19. Nh4 c4 20. Bb1 Nxh4 21. Bxh4
Rc8 22. Kh1 Nd7 23. Rd1 Nc5 24. f4 Qh6 25. Bg5 Qg6 26. Be7 Rfe8 27. f5 Qh6 28.
f6 Ne6 29. Nd5 Nc7 30. Nxc7 Rxc7 31. Rf3 Qh5 32. Qd2 Bc8 33. Rdf1 Bg4 34. Rg3
Rcxe7 35. fxe7 Rxe7 36. Qxa5 Re8 37. Qc7 Be6 38. Rgf3 f6 39. a4 Rc8 40. Qd6 Qf7
41. Qb4 1/2-1/2

[Event "III Open A"]
[Site "Livigno ITA"]
[Date "2012.09.12"]
[Round "4"]
[White "Hainke, Guntram"]
[Black "Bentivegna, Francesco"]
[WhiteElo "2318"]
[BlackElo "2319"]
[Result "1/2-1/2"]
[PlyCount "110"]
[EventDate "2012.09.10"]

1. d4 d5 2. c4 dxc4 3. Nf3 Nf6 4. e3 Bg4 5. Bxc4 e6 6. h3 Bh5 7. Nc3 a6 8. g4
Bg6 9. Ne5 Nbd7 10. Nxg6 hxg6 11. Bf1 c6 12. Bg2 Qc7 13. Bd2 e5 14. d5 Nxd5 15.
Nxd5 cxd5 16. Bxd5 Nc5 17. Bc3 Rd8 18. Qf3 Bd6 19. Kf1 Qe7 20. e4 Ne6 21. Bxe6
Qxe6 22. h4 Bc5 23. Kg2 O-O 24. Rad1 Bd4 25. Bb4 Rfe8 26. b3 f5 27. exf5 gxf5
28. gxf5 Qb6 29. Bd2 e4 30. Qg4 Qc6 31. Rc1 Qd5 32. Kh3 Rf8 33. Rhg1 Rxf5 34.
Rg3 Rd7 35. Rc8+ Rf8 36. Rxf8+ Kxf8 37. Qg6 Rf7 38. Be3 Bxe3 39. fxe3 Qd1 40.
Qxe4 Rf1 41. Kh2 Rf2+ 42. Rg2 Rf1 43. Qb4+ Kg8 44. Qc4+ Kh8 45. Qc8+ Kh7 46.
Qc2+ Qxc2 47. Rxc2 Re1 48. Rc3 Re2+ 49. Kg3 Rxa2 50. e4 Kg6 51. Rc7 b5 52. Rc6+
Kf7 53. Rb6 Rb2 54. Rxa6 Rxb3+ 55. Kf4 Rh3 1/2-1/2

[Event "III Open A"]
[Site "Livigno ITA"]
[Date "2012.09.12"]
[Round "4"]
[White "Karl, Hans"]
[Black "Pogan, Nikolas"]
[WhiteElo "2141"]
[BlackElo "2240"]
[Result "1-0"]
[PlyCount "63"]
[EventDate "2012.09.10"]

1. d4 Nf6 2. c4 e6 3. Nc3 Bb4 4. Qc2 b6 5. e4 Bxc3+ 6. bxc3 d6 7. f4 O-O 8. Nf3
Nc6 9. e5 Ne8 10. Bd3 f5 11. O-O Na5 12. Be3 c6 13. g4 g6 14. gxf5 gxf5 15. Rf2
d5 16. Rg2+ Kh8 17. c5 Nc4 18. Bf2 Qd7 19. Kh1 Rb8 20. Qe2 Ba6 21. Ng5 bxc5 22.
Qh5 Ne3 23. Bxe3 Bxd3 24. Rag1 Be4 25. Nxe4 dxe4 26. Qh6 Qf7 27. d5 Rb5 28. d6
Rb7 29. d7 Rxd7 30. Bxc5 Re7 31. h3 a6 32. a3 1-0

[Event "III Open A"]
[Site "Livigno ITA"]
[Date "2012.09.12"]
[Round "4"]
[White "Kilpatrick, Callum"]
[Black "Simoncini, Francesco"]
[WhiteElo "2330"]
[BlackElo "1961"]
[Result "1-0"]
[PlyCount "91"]
[EventDate "2012.09.10"]

1. e4 c5 2. Nf3 d6 3. Bc4 Nf6 4. d3 Nc6 5. c3 e6 6. Bb3 Be7 7. O-O O-O 8. Re1
d5 9. Nbd2 a6 10. e5 Nd7 11. d4 cxd4 12. cxd4 f6 13. exf6 Nxf6 14. Nf1 Bd6 15.
Ng3 Qc7 16. Bd2 Ng4 17. Rc1 Qf7 18. Bc3 Bxg3 19. fxg3 Bd7 20. Bc2 g6 21. Qe2
Rae8 22. Rf1 Qg7 23. h3 Nh6 24. g4 Nf7 25. Rce1 Nd6 26. Bd3 Nf7 27. Qe3 Nd6 28.
Qf2 Nb5 29. Bxb5 axb5 30. a3 h6 31. Qg3 Rf7 32. Qc7 Bc8 33. Qb6 Qf8 34. Qxb5
Qd6 35. Ne5 Rxf1+ 36. Rxf1 Rf8 37. Nxg6 Rxf1+ 38. Qxf1 Kg7 39. Nf4 Qf8 40. Nh5+
Kg8 41. Qd3 Kh8 42. Bd2 Nd8 43. Qg6 Nf7 44. Qf6+ Kh7 45. Bb4 Qg8 46. Qe7 1-0

[Event "III Open A"]
[Site "Livigno ITA"]
[Date "2012.09.12"]
[Round "4"]
[White "Kock, Hans-Uwe"]
[Black "Stitterich, Nadine"]
[WhiteElo "2038"]
[BlackElo "2024"]
[Result "1/2-1/2"]
[PlyCount "114"]
[EventDate "2012.09.10"]

1. d4 d5 2. Nf3 c6 3. e3 Bf5 4. Nbd2 Nf6 5. c4 e6 6. Be2 Nbd7 7. Nh4 Bg6 8.
Nxg6 hxg6 9. Qb3 Qc7 10. g3 O-O-O 11. cxd5 exd5 12. Bf3 Re8 13. Nf1 Ne4 14.
Bxe4 Rxe4 15. Bd2 f5 16. O-O-O Qb6 17. Qxb6 axb6 18. Bc3 b5 19. b3 Nf6 20. f3
Re6 21. Rg1 Rh3 22. Rg2 g5 23. Re1 g4 24. Nd2 Be7 25. Kc2 g5 26. Ree2 Bd6 27.
fxg4 Nxg4 28. Kd3 Rh8 29. Nf3 Be7 30. Ng1 Bd8 31. h3 Nf6 32. Be1 Rhe8 33. Rgf2
Ne4 34. Rxf5 Bc7 35. Nf3 g4 36. hxg4 Bxg3 37. Ng5 Rg6 38. Nxe4 dxe4+ 39. Kd2
Rxg4 40. Bxg3 Rxg3 41. Rf4 Re7 42. Ke1 Rf3 43. Rg4 Kd7 44. Kd2 Kd6 45. Reg2 Rh3
46. Rg6+ Re6 47. Rg7 Re7 48. Rxe7 Kxe7 49. Rg4 Rh2+ 50. Kc3 Rxa2 51. Rxe4+ Kd6
52. Rh4 Re2 53. e4 Re3+ 54. Kc2 b6 55. b4 c5 56. Rh6+ Kc7 57. bxc5 bxc5 1/2-1/2

[Event "III Open A"]
[Site "Livigno ITA"]
[Date "2012.09.12"]
[Round "4"]
[White "Marholev, Dimitar"]
[Black "Formento, Paolo"]
[WhiteElo "2340"]
[BlackElo "2147"]
[Result "1/2-1/2"]
[PlyCount "41"]
[EventDate "2012.09.10"]

1. e4 c5 2. Nc3 d6 3. f4 Nf6 4. Nf3 Nc6 5. g3 e6 6. Bg2 Be7 7. O-O O-O 8. d3
Rb8 9. a4 a6 10. h3 b5 11. axb5 axb5 12. g4 b4 13. Ne2 d5 14. e5 Nd7 15. Ng3 f6
16. exf6 Nxf6 17. g5 Ne8 18. Nh2 Qc7 19. h4 Bd6 20. Ne2 Nd4 21. Ng4 1/2-1/2

[Event "III Open A"]
[Site "Livigno ITA"]
[Date "2012.09.12"]
[Round "4"]
[White "Satyapragyan, Swayangsu"]
[Black "Maiorov, Nikita"]
[WhiteElo "2435"]
[BlackElo "2554"]
[Result "1-0"]
[PlyCount "59"]
[EventDate "2012.09.10"]

1. e4 e5 2. Nf3 Nc6 3. Bb5 a6 4. Ba4 Nf6 5. O-O Be7 6. d3 b5 7. Bb3 d6 8. a4
Bd7 9. c3 O-O 10. Nbd2 Na5 11. Bc2 c5 12. Re1 Re8 13. Nf1 h6 14. Ne3 Bf8 15. h3
c4 16. Nh2 h5 17. dxc4 bxc4 18. Nf5 Be6 19. Bg5 g6 20. Qf3 gxf5 21. exf5 Bd7
22. Qg3 Kh8 23. Qh4 Be7 24. Rad1 Rg8 25. Bxf6+ Bxf6 26. Qxh5+ Kg7 27. Rxd6 Qe7
28. Rxf6 Qxf6 29. Ng4 Qd6 30. Rd1 1-0

[Event "III Open A"]
[Site "Livigno ITA"]
[Date "2012.09.12"]
[Round "4"]
[White "Sreeves, Clement"]
[Black "Collutiis, Duilio"]
[WhiteElo "2220"]
[BlackElo "2501"]
[Result "0-1"]
[PlyCount "136"]
[EventDate "2012.09.10"]

1. c4 e5 2. g3 d6 3. Nc3 g6 4. Bg2 Bg7 5. e4 Nc6 6. Nge2 Nge7 7. O-O O-O 8. d3
h6 9. f4 exf4 10. Nxf4 Nd4 11. Be3 c6 12. Qd2 Kh7 13. Rf2 a6 14. Raf1 Ng8 15.
Nfe2 Nxe2+ 16. Qxe2 Qe7 17. Na4 b5 18. Nb6 Rb8 19. cxb5 axb5 20. Nxc8 Rbxc8 21.
Qc2 c5 22. Qb3 Nf6 23. h3 Rb8 24. g4 Qe5 25. Qc3 Nd7 26. Rxf7 Rxf7 27. Rxf7
Qxc3 28. bxc3 Ne5 29. Ra7 Nxd3 30. Bf1 Ne5 31. Be2 g5 32. Ra6 Bf8 33. Bd2 Kg6
34. Kf1 Kf6 35. Be3 Kf7 36. Bd2 Be7 37. Ra5 c4 38. a4 bxa4 39. Rxa4 Rb1+ 40.
Kf2 Rb2 41. Be3 Nd3+ 42. Kf1 Rb1+ 43. Kg2 Rb2 44. Kf1 Rb1+ 45. Kg2 Re1 46. Kf3
Rh1 47. Kg2 Re1 48. Kf3 Bf6 49. Bd2 Rh1 50. Kg2 Rb1 51. Kf3 Rb3 52. Rxc4 Ne5+
53. Kf2 Rb2 54. Rc7+ Kg6 55. Ke3 Bd8 56. Rc4 Bb6+ 57. Rd4 Nc6 58. Be1 Nxd4 59.
cxd4 Bxd4+ 60. Kxd4 Rxe2 61. Bg3 Rg2 62. Bxd6 Rd2+ 63. Ke5 Rd3 64. Ke6 Rxh3 65.
e5 Rg3 66. Kd7 Rxg4 67. e6 Re4 68. Be7 Kf5 0-1

[Event "III Open A"]
[Site "Livigno ITA"]
[Date "2012.09.12"]
[Round "4"]
[White "Stella, Andrea"]
[Black "Codenotti, Marco"]
[WhiteElo "2456"]
[BlackElo "2334"]
[Result "1/2-1/2"]
[PlyCount "102"]
[EventDate "2012.09.10"]

1. Nf3 g6 2. c4 c5 3. Nc3 Bg7 4. g3 Nc6 5. Bg2 e6 6. d3 Nge7 7. Bg5 h6 8. Bd2
Rb8 9. a3 a6 10. Rb1 b5 11. cxb5 axb5 12. b4 cxb4 13. axb4 d5 14. Qc1 e5 15. e4
d4 16. Nd5 Be6 17. Nxe7 Nxe7 18. Rb2 Rc8 19. Rc2 Rxc2 20. Qxc2 Qd6 21. O-O O-O
22. Rc1 Rc8 23. Qb2 Rxc1+ 24. Qxc1 Qc6 25. Qb2 Nc8 26. Ne1 Nb6 27. f4 Na4 28.
Qa3 Qc7 29. fxe5 Qxe5 30. Qc1 Nc3 31. Bf3 g5 32. Qa3 Nb1 33. Qc1 Nc3 34. Qa3 g4
35. Qa8+ Kh7 36. Bg2 h5 37. Bf1 Qd6 38. Qa5 h4 39. Bf4 Qe7 40. Nc2 Bb3 41. Ne1
h3 42. Qb6 Qxb4 43. Qd8 Be6 44. Nc2 Qc5 45. Bd6 Qa7 46. Bf4 Qc5 47. Bd6 Qh5 48.
Bf4 Kg6 49. Nxd4 Qc5 50. e5 Qd5 51. Nxe6 Qxe6 1/2-1/2

[Event "III Open A"]
[Site "Livigno ITA"]
[Date "2012.09.12"]
[Round "4"]
[White "Timoshenko, Georgy"]
[Black "Sveshnikov, Vladimir"]
[WhiteElo "2518"]
[BlackElo "2405"]
[Result "1/2-1/2"]
[PlyCount "91"]
[EventDate "2012.09.10"]

1. e4 c5 2. Nf3 Nc6 3. d4 cxd4 4. Nxd4 e5 5. Nb5 d6 6. c4 Be7 7. Be2 Nf6 8.
N1c3 a6 9. Na3 O-O 10. Nc2 Be6 11. O-O Rc8 12. Qd2 Na7 13. Qe3 b6 14. b3 a5 15.
Qg3 Nc6 16. Bh6 Ne8 17. Bd2 Bh4 18. Qe3 f5 19. exf5 Bxf5 20. Bd3 Bg5 21. Qe2
Bxd2 22. Qxd2 Ne7 23. Ne3 Be6 24. Rad1 Rc7 25. Be4 Rd7 26. Ncd5 Nf6 27. Nxe7+
Qxe7 28. Bc6 Rdd8 29. Nd5 Bxd5 30. Bxd5+ Kh8 31. Qe3 Qc7 32. Bf3 g6 33. Rd2 Nd7
34. Rfd1 Rf6 35. Rd5 Nc5 36. Bg4 Kg7 37. g3 h5 38. Bh3 Rdf8 39. Bg2 Rd8 40. Bh3
Rdf8 41. f4 exf4 42. gxf4 Rxf4 43. Rxd6 R8f7 44. Qe5+ R4f6 45. R1d5 Ne4 46.
Rxf6 1/2-1/2

[Event "III Open A"]
[Site "Livigno ITA"]
[Date "2012.09.12"]
[Round "4"]
[White "Valsecchi, Alessio"]
[Black "Drazic, Sinisa"]
[WhiteElo "2427"]
[BlackElo "2511"]
[Result "1-0"]
[PlyCount "93"]
[EventDate "2012.09.10"]

1. e4 Nc6 2. Nf3 d6 3. d4 Nf6 4. Nc3 a6 5. h3 e5 6. dxe5 Nxe5 7. Nxe5 dxe5 8.
Qxd8+ Kxd8 9. Bg5 Be6 10. f4 exf4 11. e5 h6 12. O-O-O+ Kc8 13. Bxf4 Nd7 14. Bh2
Be7 15. Be2 h5 16. Rhf1 g5 17. g4 h4 18. Bd3 Kd8 19. Rxf7 Bxf7 20. Bf5 Be8 21.
e6 Bd6 22. exd7 Bf7 23. Bxd6 cxd6 24. Ne4 d5 25. Nxg5 Bg8 26. Re1 Kc7 27. Re8
Rd8 28. Be6 d4 29. Kd2 a5 30. a4 b6 31. b3 Rh6 32. Rxd8 Kxd8 33. Bxg8 Kxd7 34.
Ne4 Ke7 35. Bd5 Rh8 36. Kd3 Rc8 37. g5 Rf8 38. g6 Rf3+ 39. Kxd4 Kf8 40. Ng5 Rg3
41. Ne6+ Ke7 42. Nf4 Kd6 43. Be4 Rg5 44. Ng2 Rh5 45. Nxh4 Ke6 46. g7 Rg5 47.
g8=Q+ 1-0

[Event "III Open A"]
[Site "Livigno ITA"]
[Date "2012.09.12"]
[Round "4"]
[White "Volkov, Sergey"]
[Black "Cebalo, Miso"]
[WhiteElo "2043"]
[BlackElo "2424"]
[Result "1-0"]
[PlyCount "111"]
[EventDate "2012.09.10"]

1. d4 Nf6 2. c4 c5 3. d5 e6 4. Nc3 exd5 5. cxd5 d6 6. Nf3 g6 7. Nd2 Bg7 8. e4
O-O 9. Be2 Re8 10. O-O Na6 11. Kh1 Nc7 12. a4 b6 13. f3 Rb8 14. Ra3 a6 15. Rb3
Nh5 16. Nc4 b5 17. g4 Bb7 18. axb5 axb5 19. Nxb5 Nxb5 20. Rxb5 Nf6 21. Bf4 Bf8
22. Rb6 Nxe4 23. fxe4 Rxe4 24. Be3 Qc7 25. Rf4 Rbe8 26. Rxe4 Rxe4 27. Qd3 Rxc4
28. Rxb7 Qxb7 29. Qxc4 Qxb2 30. Bf4 Qb1+ 31. Kg2 Be7 32. Qd3 Qb4 33. Qd2 Qb3
34. Qd3 Qb8 35. Qb5 Qd8 36. Qc6 Bf8 37. Qa4 h6 38. Qe4 Kh7 39. Qf3 Bg7 40. h4
Qe7 41. h5 Bd4 42. Bd3 Kg7 43. hxg6 fxg6 44. Qh3 g5 45. Bd2 Qe5 46. Qf3 Bc3 47.
Be3 Bd4 48. Bxd4 cxd4 49. Be4 Qf6 50. Bf5 Qe5 51. Be6 Qf6 52. Qxf6+ Kxf6 53.
Kf2 Kg6 54. Kf3 h5 55. gxh5+ Kxh5 56. Ke4 1-0

[Event "III Open A"]
[Site "Livigno ITA"]
[Date "2012.09.12"]
[Round "4"]
[White "Zhou, Syang"]
[Black "Sharma, Dinesh K."]
[WhiteElo "2239"]
[BlackElo "2361"]
[Result "0-1"]
[PlyCount "86"]
[EventDate "2012.09.10"]

1. e4 e6 2. d4 d5 3. Nc3 Nf6 4. e5 Nfd7 5. f4 c5 6. Nf3 Nc6 7. Be3 cxd4 8. Nxd4
Bc5 9. Qd2 O-O 10. O-O-O a6 11. h4 Nxd4 12. Bxd4 b5 13. Rh3 b4 14. Na4 Bxd4 15.
Qxd4 a5 16. h5 Ba6 17. Rg3 Qh4 18. Qf2 Qxh5 19. Rg5 Qh6 20. Nb6 Nxb6 21. Qxb6
Bxf1 22. Rxf1 Rfc8 23. Kb1 Rc4 24. b3 Rxf4 25. Rxf4 Qxg5 26. Rxf7 Kxf7 27. Qb7+
Kg6 28. Qxa8 Qxg2 29. Qxa5 Qg1+ 30. Kb2 Qd4+ 31. Kb1 h5 32. Qd8 Qd1+ 33. Kb2
Qd4+ 34. Kb1 Qg4 35. a4 bxa3 36. Ka2 Kh7 37. c4 dxc4 38. b4 h4 39. b5 Qe2+ 40.
Kxa3 Qd3+ 41. Qxd3+ cxd3 42. b6 d2 43. b7 d1=Q 0-1

[Event "III Open A"]
[Site "Livigno ITA"]
[Date "2012.09.12"]
[Round "4"]
[White "Zinchenko, Yaroslav"]
[Black "Minko, Vladimir"]
[WhiteElo "2528"]
[BlackElo "2293"]
[Result "1-0"]
[PlyCount "87"]
[EventDate "2012.09.10"]

1. e4 c5 2. Nf3 Nc6 3. d4 cxd4 4. Nxd4 Nf6 5. Nc3 e5 6. Ndb5 d6 7. Bg5 a6 8.
Na3 b5 9. Nd5 Be7 10. Bxf6 Bxf6 11. c4 b4 12. Nc2 O-O 13. g3 Bg5 14. Bg2 Qa5
15. O-O Qc5 16. b3 a5 17. Qd3 Ra7 18. Kh1 Ne7 19. Rad1 Nxd5 20. Qxd5 Be7 21.
Qd2 Bb7 22. f4 Re8 23. Ne3 exf4 24. gxf4 Bf8 25. Nd5 Bxd5 26. Qxd5 a4 27. Qxc5
dxc5 28. e5 axb3 29. axb3 g5 30. Bc6 Re6 31. Bd5 Rh6 32. fxg5 Rh3 33. Rxf7 Rxf7
34. Rf1 Rxb3 35. Rxf7 Rd3 36. Rb7+ Kh8 37. Kg2 Rd2+ 38. Kf3 Rxh2 39. e6 Rh3+
40. Kf4 Bd6+ 41. Kf5 b3 42. e7 Re3 43. Rb8+ Bxb8 44. Be4 1-0

[Event "III Open A"]
[Site "Livigno ITA"]
[Date "2012.09.13"]
[Round "5"]
[White "Antipov, Mikhail Al."]
[Black "Zinchenko, Yaroslav"]
[WhiteElo "2457"]
[BlackElo "2528"]
[Result "1/2-1/2"]
[PlyCount "61"]
[EventDate "2012.09.10"]

1. e4 Nf6 2. e5 Nd5 3. d4 d6 4. c4 Nb6 5. exd6 exd6 6. Nc3 Nc6 7. Be3 Be7 8.
Bd3 O-O 9. Nge2 Nb4 10. b3 Nxd3+ 11. Qxd3 Bg4 12. Ng3 d5 13. c5 Nc8 14. O-O c6
15. f4 Bh4 16. f5 Bxg3 17. hxg3 f6 18. Rf4 h5 19. Nd1 Ne7 20. Nf2 Qd7 21. Nxg4
hxg4 22. Raf1 Rae8 23. Bd2 g5 24. fxg6 Kg7 25. Bc1 Nxg6 26. Rf5 Ne7 27. Bh6+
Kxh6 28. Rh5+ Kxh5 29. Qh7+ Kg5 30. Qg7+ Kh5 31. Qh7+ 1/2-1/2

[Event "III Open A"]
[Site "Livigno ITA"]
[Date "2012.09.13"]
[Round "5"]
[White "Castellanos Rodriguez, Renier"]
[Black "Jovanic, Ognjen"]
[WhiteElo "2491"]
[BlackElo "2511"]
[Result "1/2-1/2"]
[PlyCount "64"]
[EventDate "2012.09.10"]

1. e4 e5 2. Nf3 Nc6 3. Bb5 Nf6 4. d3 Bc5 5. c3 O-O 6. O-O d6 7. Nbd2 h6 8. h3
Be6 9. Re1 Bb6 10. Nf1 Ne7 11. Ng3 c6 12. Ba4 Ng6 13. d4 Re8 14. Bc2 Qc7 15.
Be3 Rad8 16. Qd2 Kh7 17. Rad1 c5 18. a3 cxd4 19. cxd4 Rc8 20. Rc1 Qb8 21. Bb1
Rxc1 22. Rxc1 Rc8 23. Bd3 Rxc1+ 24. Qxc1 Qd8 25. Qc3 Kg8 26. dxe5 Nxe5 27. Be2
Nxf3+ 28. Bxf3 Bxe3 29. Qxe3 b6 30. e5 dxe5 31. Qxe5 a5 32. Ne4 Nxe4 1/2-1/2

[Event "III Open A"]
[Site "Livigno ITA"]
[Date "2012.09.13"]
[Round "5"]
[White "Collutiis, Duilio"]
[Black "Kilpatrick, Callum"]
[WhiteElo "2501"]
[BlackElo "2330"]
[Result "1-0"]
[PlyCount "121"]
[EventDate "2012.09.10"]

1. c4 Nf6 2. g3 g6 3. Nc3 Bg7 4. Bg2 O-O 5. e4 d6 6. Nge2 c5 7. O-O Nc6 8. d3
a6 9. h3 Ne8 10. Be3 Nc7 11. d4 cxd4 12. Nxd4 Rb8 13. Nde2 b5 14. cxb5 Nxb5 15.
Nxb5 Rxb5 16. Rc1 Bd7 17. b3 Qa5 18. Rc2 Nb4 19. Bd2 Qd8 20. Bxb4 Rxb4 21. Qd2
Qb8 22. Rfc1 Rd8 23. Rc7 a5 24. Qg5 e5 25. Qd2 Be6 26. R7c2 h5 27. Rd1 a4 28.
bxa4 Rxa4 29. Nc3 Rd4 30. Qc1 Rc8 31. Nd5 Rxc2 32. Qxc2 Bxd5 33. Rxd4 exd4 34.
exd5 Qb5 35. a4 Qa5 36. Be4 Qe1+ 37. Kg2 Bh6 38. Qd3 Qa1 39. Qb5 Bd2 40. Qb8+
Kg7 41. Qxd6 Qxa4 42. Qe5+ Kg8 43. d6 Qd7 44. Qe7 Qe6 45. Qxe6 fxe6 46. Bxg6 h4
47. Kf3 hxg3 48. fxg3 Kf8 49. Bd3 Bb4 50. d7 Ke7 51. Bb5 d3 52. g4 d2 53. Ke2
e5 54. h4 Ba5 55. g5 e4 56. h5 Kf7 57. Bc4+ Kg7 58. Bd5 Bd8 59. h6+ Kh7 60.
Bxe4+ Kg8 61. g6 1-0

[Event "III Open A"]
[Site "Livigno ITA"]
[Date "2012.09.13"]
[Round "5"]
[White "David, Alberto"]
[Black "Satyapragyan, Swayangsu"]
[WhiteElo "2599"]
[BlackElo "2435"]
[Result "1/2-1/2"]
[PlyCount "56"]
[EventDate "2012.09.10"]

1. Nf3 Nf6 2. c4 e6 3. g3 a6 4. Nc3 d5 5. cxd5 exd5 6. Bg2 Be7 7. O-O O-O 8. d4
c6 9. Qb3 a5 10. Bf4 Na6 11. Rac1 Nc7 12. Bxc7 Qxc7 13. Nxd5 Nxd5 14. Qxd5 Qb6
15. Qb3 Qxb3 16. axb3 Be6 17. Nd2 a4 18. bxa4 Rxa4 19. e3 Rb4 20. Rc2 Ra8 21.
Be4 Ra5 22. Rfc1 g6 23. Bd3 Kg7 24. Kf1 g5 25. Ke2 g4 26. Bc4 Bf5 27. Bd3 Be6
28. Bc4 Bf5 1/2-1/2

[Event "III Open A"]
[Site "Livigno ITA"]
[Date "2012.09.13"]
[Round "5"]
[White "Kravtsiv, Martyn"]
[Black "Valsecchi, Alessio"]
[WhiteElo "2581"]
[BlackElo "2427"]
[Result "1-0"]
[PlyCount "57"]
[EventDate "2012.09.10"]

1. e4 c5 2. Nf3 d6 3. d4 cxd4 4. Nxd4 Nf6 5. Nc3 g6 6. Be3 a6 7. f3 b5 8. Qd2
Bb7 9. g4 h5 10. gxh5 Rxh5 11. O-O-O Nbd7 12. Nde2 e5 13. Ng3 Rh7 14. h4 Rc8
15. Kb1 Nb6 16. Bg5 b4 17. Nd5 Nbxd5 18. exd5 Be7 19. Bxf6 Bxf6 20. h5 Rc5 21.
Ne4 Rxd5 22. Bd3 Rxh5 23. Qxb4 Bc6 24. Rxh5 gxh5 25. Rg1 Kd7 26. Rg8 Qe7 27.
Qb8 Ke6 28. Bc4 Qb7 29. Qxd6+ 1-0

[Event "III Open A"]
[Site "Livigno ITA"]
[Date "2012.09.13"]
[Round "5"]
[White "Maiorov, Nikita"]
[Black "Stella, Andrea"]
[WhiteElo "2554"]
[BlackElo "2456"]
[Result "1-0"]
[PlyCount "99"]
[EventDate "2012.09.10"]

1. d4 Nf6 2. c4 e6 3. Nc3 Bb4 4. Qc2 c5 5. dxc5 O-O 6. a3 Bxc5 7. Nf3 b6 8. Bg5
Bb7 9. e3 Be7 10. Be2 h6 11. Bh4 d6 12. O-O a6 13. Rfd1 Qc7 14. Nd2 Nbd7 15.
Bg3 Rfd8 16. Rac1 Rac8 17. Qb1 Qb8 18. h3 Qa8 19. Bf1 d5 20. b4 dxc4 21. Nxc4
Nd5 22. Ne2 N5f6 23. Bd6 Bxd6 24. Nxd6 Rxc1 25. Rxc1 Bd5 26. Qc2 Ne5 27. Qc7
Qb8 28. Qxb8 Rxb8 29. f4 Ned7 30. Rc7 Kf8 31. e4 Ke7 32. e5 Ne8 33. Nxe8 Kxe8
34. Nc3 Bb7 35. Kf2 b5 36. Nb1 g5 37. g3 gxf4 38. gxf4 Nb6 39. Nc3 Nd7 40. Bg2
Bxg2 41. Kxg2 Nb6 42. Ne4 Nc4 43. Nf6+ Kd8 44. Rxf7 Nxa3 45. f5 Rb6 46. Rd7+
Kc8 47. Re7 Nc4 48. fxe6 Nxe5 49. Re8+ Kb7 50. Nd7 1-0

[Event "III Open A"]
[Site "Livigno ITA"]
[Date "2012.09.13"]
[Round "5"]
[White "Polak, Tomas"]
[Black "Piscopo, Pierluigi"]
[WhiteElo "2522"]
[BlackElo "2381"]
[Result "1-0"]
[PlyCount "81"]
[EventDate "2012.09.10"]

1. d4 Nf6 2. c4 c5 3. d5 e6 4. Nc3 exd5 5. cxd5 d6 6. e4 g6 7. h3 Bg7 8. Nf3
O-O 9. Bd3 Nh5 10. O-O Nd7 11. Bg5 Bf6 12. Be3 a6 13. a4 Re8 14. Re1 Rb8 15.
Qd2 Bg7 16. Rab1 Qa5 17. Rec1 Ne5 18. Be2 Nxf3+ 19. Bxf3 Nf6 20. Bf4 Qc7 21. a5
Nd7 22. Na4 Ne5 23. Be2 Bd7 24. Nb6 Bb5 25. b4 c4 26. Bxe5 Rxe5 27. Bxc4 Qe7
28. Bxb5 axb5 29. Rc8+ Rxc8 30. Nxc8 Qd7 31. Qc2 h5 32. Rc1 h4 33. Kf1 Qd8 34.
Qc7 Qg5 35. Nxd6 Re7 36. Qd8+ Kh7 37. Rd1 Bc3 38. Nxf7 Qh5 39. Ng5+ Kh6 40. Nf3
Rxe4 41. d6 1-0

[Event "III Open A"]
[Site "Livigno ITA"]
[Date "2012.09.13"]
[Round "5"]
[White "Sveshnikov, Evgeny E."]
[Black "Franklin, Samuel G.A."]
[WhiteElo "2530"]
[BlackElo "2281"]
[Result "1/2-1/2"]
[PlyCount "27"]
[EventDate "2012.09.10"]

1. e4 e5 2. Nf3 Nc6 3. Bc4 Bc5 4. c3 Nf6 5. d4 exd4 6. e5 d5 7. Bb5 Ne4 8. cxd4
Bb6 9. Nc3 O-O 10. Be3 Bg4 11. Bxc6 bxc6 12. Qa4 f6 13. Qxc6 Nxc3 14. bxc3
1/2-1/2

[Event "III Open A"]
[Site "Livigno ITA"]
[Date "2012.09.13"]
[Round "5"]
[White "Sveshnikov, Vladimir"]
[Black "Bruno, Fabio"]
[WhiteElo "2405"]
[BlackElo "2423"]
[Result "0-1"]
[PlyCount "84"]
[EventDate "2012.09.10"]

1. e4 e6 2. d4 d5 3. Nd2 Nf6 4. e5 Nfd7 5. c3 c5 6. Bd3 b6 7. Ne2 Ba6 8. Bxa6
Nxa6 9. O-O Nc7 10. Ng3 c4 11. Qg4 g6 12. Ne2 b5 13. a3 Nb6 14. Nf3 h6 15. h4
Kd7 16. h5 Rg8 17. hxg6 fxg6 18. Nf4 Be7 19. Kh2 h5 20. Qg3 g5 21. Ne2 g4 22.
Ne1 h4 23. Qe3 Qe8 24. g3 Rh8 25. Kg2 Qf7 26. Rh1 Raf8 27. gxh4 Bxh4 28. Ng3
Bxg3 29. Rxh8 Rxh8 30. Qxg3 Qf5 31. Kf1 Na4 32. Ke2 Rh1 33. Qf4 Qxf4 34. Bxf4
Nxb2 35. Rc1 Rxe1+ 36. Rxe1 Nd3 37. Rg1 Nxf4+ 38. Ke3 Ng6 39. f3 g3 40. Rxg3
Ne7 41. Rg7 a5 42. Rg1 b4 0-1

[Event "III Open A"]
[Site "Livigno ITA"]
[Date "2012.09.14"]
[Round "6"]
[White "Bentivegna, Francesco"]
[Black "Collutiis, Duilio"]
[WhiteElo "2319"]
[BlackElo "2501"]
[Result "1/2-1/2"]
[PlyCount "80"]
[EventDate "2012.09.10"]

1. e4 e5 2. Nf3 Nc6 3. d4 exd4 4. Nxd4 Bb4+ 5. c3 Bc5 6. Be3 Bb6 7. Qg4 Qf6 8.
Nb5 Bxe3 9. fxe3 d6 10. Qg3 Kd8 11. Nd2 Qe5 12. Qh4+ Qf6 13. Qg3 Qe5 14. Qh4+
Nf6 15. Nd4 Qe7 16. O-O-O Ne5 17. Nf5 Bxf5 18. exf5 c6 19. h3 h6 20. e4 Kc7 21.
Be2 Rae8 22. Rhe1 g5 23. Qf2 Kb8 24. Bf1 Rd8 25. Nb3 Rhe8 26. Kb1 Qc7 27. Qc2
Re7 28. c4 c5 29. Re3 Nc6 30. a3 Rde8 31. Bd3 Re5 32. Rde1 Nh5 33. g3 Ne7 34.
Qd2 b6 35. Bc2 Qc6 36. Nc1 Nf6 37. Na2 Qc7 38. Ba4 Rd8 39. Nc3 a6 40. Ka2 Ka7
1/2-1/2

[Event "III Open A"]
[Site "Livigno ITA"]
[Date "2012.09.14"]
[Round "6"]
[White "Bove, Alessandro"]
[Black "Antipov, Mikhail Al."]
[WhiteElo "2367"]
[BlackElo "2457"]
[Result "1/2-1/2"]
[PlyCount "98"]
[EventDate "2012.09.10"]

1. d4 Nf6 2. c4 e6 3. Nc3 Bb4 4. Qc2 O-O 5. e4 d6 6. a3 Bxc3+ 7. bxc3 c5 8. e5
dxe5 9. dxe5 Nfd7 10. f4 f6 11. Bd3 f5 12. Nf3 b6 13. Ng5 Qe8 14. g4 Bb7 15.
Rg1 h6 16. Nh3 fxg4 17. Bg6 Qd8 18. Rxg4 Nc6 19. Bd2 Ne7 20. Rg3 Nf5 21. Bxf5
Rxf5 22. O-O-O Qh4 23. Rdg1 Rf7 24. Nf2 Qh5 25. Rh3 Qf5 26. Qxf5 Rxf5 27. Rxh6
Nxe5 28. fxe5 Rxf2 29. Rhg6 Rf7 30. Bh6 Kh7 31. Bxg7 Rf1+ 32. Rxf1 Kxg6 33. Bf6
Rg8 34. Rg1+ Kf7 35. Rxg8 Kxg8 36. Kd2 Kf7 37. Bd8 Ke8 38. Bc7 Kd7 39. Bd6 Bf3
40. Ke3 Bd1 41. h4 Kc6 42. Kf4 Be2 43. Kg5 Bxc4 44. h5 Bd3 45. Kf6 Kd5 46. h6
Bf5 47. Kg7 Kc4 48. Bb8 Kxc3 49. Bxa7 Kd4 1/2-1/2

[Event "III Open A"]
[Site "Livigno ITA"]
[Date "2012.09.14"]
[Round "6"]
[White "Bruno, Fabio"]
[Black "Kravtsiv, Martyn"]
[WhiteElo "2423"]
[BlackElo "2581"]
[Result "1/2-1/2"]
[PlyCount "118"]
[EventDate "2012.09.10"]

1. d4 Nf6 2. c4 e6 3. Nc3 Bb4 4. e3 O-O 5. Bd3 d5 6. Nf3 c5 7. O-O Nc6 8. cxd5
exd5 9. dxc5 Bxc5 10. b3 Re8 11. Bb2 a6 12. h3 Ne4 13. Rc1 Nxc3 14. Rxc3 Be7
15. Qb1 g6 16. Rcc1 Bf6 17. Rfd1 Be6 18. Qa1 Bxb2 19. Qxb2 Rc8 20. Rd2 Qe7 21.
Rcd1 Rc7 22. Nd4 Nxd4 23. Qxd4 Rec8 24. Be2 Rc1 25. Bf3 R8c5 26. Qe5 Qc7 27.
Qxc7 Rxc7 28. Kf1 Rxd1+ 29. Bxd1 Kf8 30. Ke2 Ke7 31. Rc2 Rd7 32. b4 d4 33. exd4
Rxd4 34. Rc7+ Kd6 35. Rxb7 Kc6 36. Rb8 Kc7 37. Rh8 Bxa2 38. Rxh7 Rxb4 39. Bc2
Kd6 40. Kd2 Bd5 41. h4 a5 42. h5 gxh5 43. Rh6+ Kc5 44. Ra6 Rb5 45. Kc3 h4 46.
Ba4 Rb1 47. Rxa5+ Kd6 48. Ra6+ Ke5 49. Rh6 Rh1 50. Rh5+ f5 51. f3 Bf7 52. Rh6
Rh2 53. Bd7 Bd5 54. Rh5 Rxg2 55. Bxf5 Bxf3 56. Bg4+ Kf4 57. Bxf3 Kxf3 58. Rxh4
Rg4 59. Rxg4 Kxg4 1/2-1/2